| 000 | 00926nam a2200229Ia 4500 | ||
|---|---|---|---|
| 001 | 13892 | ||
| 005 | 20260417174002.0 | ||
| 008 | 260306t2009||||xx |||||||||||||| ||spa|| | ||
| 041 | _aESP | ||
| 082 |
_a005.43 _bT19 2009 |
||
| 100 |
_aTanenbaum, Andrew, _eAUT |
||
| 245 | 0 | _aSistemas operativos modernos | |
| 260 | _c2009 | ||
| 300 |
_axxvi, 1076 páginas : _c23 cm. |
||
| 650 | _aGEN | ||
| 654 | _aCCC | ||
| 856 |
_uhttps://itmsp.museknowledge.com/UCSP?url=https://www.ebooks7-24.com:443/?il=3245&pg=1 _zVersión digital |
||
| 856 |
_uhttps://0u213wx70-y-https-ebooks7--24-com.itmsp.museknowledge.com/biblioteca.aspx _zVéase además: Base de datos Ebook7-24 |
||
| 856 |
_uhttps://dl.acm.org/ _zVéase además: Base de datos ACM Digital Library |
||
| 856 |
_uhttps://0u206wx6y-y-https-ieeexplore-ieee-org.itmsp.museknowledge.com/Xplore/home.jsp _zVéase además: Base de datos IEEE Xplore |
||
| 942 |
_cLIB _dJUS _fJUS _2ddc |
||
| 999 |
_c13892 _d13892 |
||